Globalisation et emploi

Elmentve itt :
Bibliográfiai részletek
Szerző: Nagy László
Dokumentumtípus: Cikk
Megjelent: 2001
Sorozat:Acta Universitatis Szegediensis : acta juridica et politica 59 No. 13
Kulcsszavak:Jogtudomány
Online Access:http://acta.bibl.u-szeged.hu/7091
LEADER 00616nab a2200181 i 4500
001 acta7091
005 20210513125654.0
008 161015s2001 hu o 0|| fre d
022 |a 0324-6523 
040 |a SZTE Egyetemi Kiadványok Repozitórium  |b hun 
041 |a fre 
100 1 |a Nagy László 
245 1 0 |a Globalisation et emploi  |h [elektronikus dokumentum] /  |c  Nagy László 
260 |c 2001 
300 |a 3-7 
490 0 |a Acta Universitatis Szegediensis : acta juridica et politica  |v 59 No. 13 
695 |a Jogtudomány 
856 4 0 |u http://acta.bibl.u-szeged.hu/7091/1/juridpol_059_fasc_013_001-007.pdf  |z Dokumentum-elérés